| 000 | 00482nam a22001697a 4500 | ||
|---|---|---|---|
| 005 | 20260421121454.0 | ||
| 008 | 260421b |||||||| |||| 00| 0 eng d | ||
| 020 | _a978-0-415-82584-9 | ||
| 050 |
_aLA 1501 .W34 2014 _bC.4 |
||
| 100 | _aYUSELF QAGHID | ||
| 245 |
_aAFRICAN PHYLOSOPHY OF EDUCATION RECONSIDERED _bON BEING HUMAN |
||
| 260 |
_aNEW YORK _bMILTON PARK _c2014 |
||
| 300 | _aVIII, 143P | ||
| 500 | _aINCLUIDES REFERENCES | ||
| 650 | _aON BEING HUMAN | ||
| 942 |
_2lcc _cBK |
||
| 999 |
_c217040 _d217040 |
||